[Event "2BLW 2223 SG Porz - SV Mülheim Nord II"]
[Site "?"]
[Date "2022.10.22"]
[Round "1.3"]
[White "Van Osch, Mees"]
[Black "Rotstein, Arkadij"]
[Result "1/2-1/2"]
[WhiteElo "2342"]
[BlackElo "2464"]
[PlyCount "105"]
[EventDate "2022.??.??"]

1. e4 g6 2. d4 Bg7 3. Nc3 d6 4. h4 h6 5. f4 h5 6. Nf3 Bg4 7. Be3 e6 8. Qd3 Ne7 9. Nh2 d5 10. Nxg4 hxg4 11. Be2 dxe4 12. Nxe4 Nf5 13. O-O-O Rxh4 14. Rxh4 Qxh4 15. Bf2 g3 16. Bxg3 Nxg3 17. Qxg3 Qxg3 18. Nxg3 Nc6 19. Bb5 Ke7 20. c3 Rh8 21. Rh1 Rxh1+ 22. Nxh1 Bh6 23. g3 g5 24. Bxc6 bxc6 25. fxg5 Bxg5+ 26. Kd1 Kd6 27. Nf2 Kd5 28. Ke2 Be7 29. Nd3 c5 30. dxc5 Bxc5 31. g4 Bd6 32. Kf3 Kc4 33. Nf2 a5 34. Ke2 Kd5 35. b3 Bg3 36. Nh3 Bh4 37. Ke3 Bf6 38. Nf4+ Kd6 39. Ne2 Ke5 40. Nd4 Bg5+ 41. Kf3 Kd5 42. Nc2 Bc1 43. a4 Bd2 44. c4+ Kc5 45. Ke4 Bg5 46. Kd3 Bf6 47. Ne1 Bg5 48. Nc2 Bf4 49. Nd4 Be5 50. Nf3 Bf6 51. Nd2 Be7 52. Nf3 Bf6 53. Nd2 1/2-1/2

[Event "2BLW 2223 SG Porz - SV Mülheim Nord II"]
[Site "?"]
[Date "2022.10.22"]
[Round "1.4"]
[White "Suvorov, Alexander"]
[Black "Van Meegen, Ruud"]
[Result "1/2-1/2"]
[WhiteElo "2342"]
[BlackElo "2277"]
[PlyCount "67"]
[EventDate "2022.??.??"]

1. d4 Nf6 2. c4 e6 3. Nf3 d5 4. Nc3 Bb4 5. cxd5 exd5 6. Bg5 h6 7. Bh4 O-O 8. e3 Bf5 9. Bd3 Bxd3 10. Qxd3 Nbd7 11. O-O Be7 12. Rab1 a5 13. Nd2 Re8 14. Rfe1 c6 15. f3 Qb6 16. a3 Bd6 17. Bf2 c5 18. Qb5 cxd4 19. exd4 Rxe1+ 20. Rxe1 a4 21. Qxb6 Nxb6 22. Bg3 Bxg3 23. hxg3 Kf8 24. Kf2 Ne8 25. Nf1 Nd6 26. Ne3 Ra5 27. Re2 Ndc4 28. Nxc4 Nxc4 29. Rc2 Nd6 30. g4 Ke7 31. Ke3 Ne8 32. Kd3 Kd6 33. Re2 Nc7 34. g3 1/2-1/2

[Event "2BLW 2223 SG Porz - SV Mülheim Nord II"]
[Site "?"]
[Date "2022.10.22"]
[Round "1.5"]
[White "Stillger, Bernhard"]
[Black "Suvorov, Luca"]
[Result "0-1"]
[WhiteElo "2279"]
[BlackElo "2302"]
[PlyCount "60"]
[EventDate "2022.??.??"]

1. Nf3 d5 2. g3 Nf6 3. Bg2 Bg4 4. c4 Bxf3 5. Bxf3 c6 6. Qb3 Qd7 7. d3 d4 8. e3 dxe3 9. Bxe3 e5 10. Nc3 Na6 11. O-O-O Bc5 12. d4 exd4 13. Ne2 Rd8 14. Nxd4 Qc8 15. h3 O-O 16. g4 Rfe8 17. a3 Qc7 18. Qc2 Bxd4 19. Rxd4 Rxd4 20. g5 Rf4 21. Be2 Nd7 22. h4 Rfe4 23. g6 hxg6 24. h5 gxh5 25. Rxh5 Nf6 26. Rh1 Qe7 27. Bd3 Nc5 28. Bxe4 Qxe4 29. Qxe4 Nfxe4 30. Kb1 b6 0-1

[Event "2BLW 2223 SG Porz - SV Mülheim Nord II"]
[Site "?"]
[Date "2022.10.22"]
[Round "1.6"]
[White "Pauly, Carlo"]
[Black "Hoenig, Alexander"]
[Result "1/2-1/2"]
[WhiteElo "2298"]
[BlackElo "2214"]
[PlyCount "123"]
[EventDate "2022.??.??"]

1. d4 d5 2. c4 c6 3. Nf3 Nf6 4. Nc3 a6 5. cxd5 cxd5 6. Bf4 Nc6 7. Qb3 Na5 8. Qc2 Bd7 9. e3 e6 10. Bd3 Rc8 11. Ne5 Nc4 12. Qe2 Bb4 13. Rc1 Nxe5 14. Bxe5 Qa5 15. O-O Bxc3 16. bxc3 Rxc3 17. Bd6 Rxc1 18. Rxc1 Bc6 19. h3 Kd7 20. Be5 Rc8 21. Rc5 Qd8 22. Qb2 Ke8 23. Rxc6 Rxc6 24. Qxb7 Qb6 25. Qa8+ Ke7 26. Qh8 Ne8 27. Bxg7 Nxg7 28. Qxg7 Rc1+ 29. Kh2 Qd6+ 30. f4 Re1 31. Qg3 Ra1 32. Bxh7 Rxa2 33. h4 Qd8 34. Kh3 Qh8 35. Bd3 f5 36. Bf1 Kf7 37. Qe1 Qg7 38. Kh2 Qg4 39. Kg1 Ra3 40. Qc1 Rb3 41. Qc7+ Kg8 42. Qd8+ Kg7 43. Qe7+ Kh6 44. Qxe6+ Qg6 45. Qe5 Kh7 46. Be2 a5 47. Bf3 Qg3 48. Qxf5+ Kg7 49. Qe5+ Kh7 50. Qc7+ Kh6 51. Qc1 a4 52. Qc6+ Kg7 53. Qd7+ Kh6 54. Qe6+ Kg7 55. Qe7+ Kh8 56. Qf8+ Kh7 57. Qf7+ Kh8 58. Qe8+ Kg7 59. Qd7+ Kh6 60. Qc6+ Kg7 61. Qc7+ Kh6 62. Qd6+ 1/2-1/2

[Event "2BLW 2223 SG Porz - SV Mülheim Nord II"]
[Site "?"]
[Date "2022.10.22"]
[Round "1.7"]
[White "Albers, Sasa"]
[Black "Marcziter, Dmitrii"]
[Result "0-1"]
[WhiteElo "2147"]
[BlackElo "2262"]
[PlyCount "58"]
[EventDate "2022.??.??"]

1. e4 c5 2. Nf3 a6 3. c3 d5 4. exd5 Qxd5 5. d4 Nf6 6. Be2 Bg4 7. h3 Bh5 8. c4 Qd6 9. dxc5 Qxc5 10. O-O e6 11. Nc3 Be7 12. Be3 Qc8 13. a3 O-O 14. b4 Nbd7 15. Qb3 Qc7 16. Rac1 Rac8 17. Kh1 h6 18. Rfe1 Rfd8 19. Na4 Bd6 20. Nb2 Bf4 21. Kg1 Ne4 22. Bxf4 Qxf4 23. c5 Ne5 24. Nc4 Bxf3 25. gxf3 Rd3 26. Qc2 Rxf3 27. Bxf3 Nxf3+ 28. Kf1 Nfd2+ 29. Ke2 Qf3# 0-1

[Event "2BLW 2223 SG Porz - SV Mülheim Nord II"]
[Site "?"]
[Date "2022.10.22"]
[Round "1.8"]
[White "Gallasch, Jonas"]
[Black "Mainusch, Martin"]
[Result "1-0"]
[WhiteElo "2248"]
[BlackElo "2062"]
[PlyCount "93"]
[EventDate "2022.??.??"]

1. d4 d5 2. c4 dxc4 3. Nf3 a6 4. e3 e6 5. Bxc4 Nf6 6. O-O c5 7. Qc2 Nbd7 8. Rd1 Qc7 9. Nbd2 Be7 10. dxc5 Bxc5 11. Nb3 Be7 12. Bd2 O-O 13. Rac1 Rd8 14. Qb1 Qb8 15. Be2 Nf8 16. Bc3 Rxd1+ 17. Rxd1 Ng6 18. g3 e5 19. Ng5 Bg4 20. Bxg4 Nxg4 21. Nf3 Qc8 22. Qd3 Qc6 23. Qd5 Qxd5 24. Rxd5 Nf6 25. Rd1 e4 26. Nfd2 Rd8 27. Rb1 Re8 28. Bxf6 Bxf6 29. Nc5 b6 30. Ncxe4 Be7 31. Nf3 f5 32. Nc3 b5 33. Nd5 Rd8 34. Nxe7+ Nxe7 35. Rc1 Kf7 36. Nd4 g6 37. Rc7 Rd6 38. Kf1 Kf6 39. Ke2 h6 40. a3 g5 41. Rxe7 Rxd4 42. Rh7 Rc4 43. Rxh6+ Ke5 44. Kd3 Ra4 45. f4+ gxf4 46. gxf4+ Kd5 47. Rf6 1-0

[Event "2BLW 2223 SC Siegburg - SV Koblenz"]
[Site "?"]
[Date "2022.10.23"]
[Round "2.6"]
[White "Albrecht, Oliver"]
[Black "Repplinger, Marc"]
[Result "1/2-1/2"]
[WhiteElo "2174"]
[BlackElo "2190"]
[PlyCount "89"]
[EventDate "2022.??.??"]

1. Nf3 Nf6 2. c4 e6 3. d4 Bb4+ 4. Bd2 Qe7 5. g3 Nc6 6. Bg2 Bxd2+ 7. Nbxd2 d6 8. O-O a5 9. e4 e5 10. d5 Nb8 11. Ne1 Nbd7 12. Nd3 h5 13. h4 Nc5 14. Nxc5 dxc5 15. Nb1 Bd7 16. Nc3 Ra6 17. Qe2 Rb6 18. Rad1 Rh6 19. Rd2 Kf8 20. Bf3 Kg8 21. Rfd1 Rd6 22. Nb5 Bxb5 23. cxb5 b6 24. a3 g6 25. Rc2 Kg7 26. Rdc1 Rh8 27. b4 axb4 28. axb4 Nd7 29. Bg2 f5 30. Bh3 Qf6 31. Re1 Re8 32. exf5 e4 33. fxg6 Ne5 34. Bg2 Rxd5 35. bxc5 bxc5 36. Kh1 Ng4 37. Rf1 Rde5 38. Qc4 R8e7 39. Bh3 Qxg6 40. Bxg4 Qxg4 41. Kh2 Kh7 42. Qe2 Qf5 43. Rc3 Rd7 44. Re3 Rd4 45. Rc3 1/2-1/2

[Event "2BLW 2223 SC Siegburg - SV Koblenz"]
[Site "?"]
[Date "2022.10.23"]
[Round "2.2"]
[White "Baklan, Vladimir"]
[Black "Balog, Imre"]
[Result "1/2-1/2"]
[WhiteElo "2573"]
[BlackElo "2594"]
[PlyCount "65"]
[EventDate "2022.??.??"]

1. e4 e6 2. d4 d5 3. Nd2 c5 4. exd5 Qxd5 5. Ngf3 cxd4 6. Bc4 Qd6 7. O-O Nf6 8. Nb3 Nc6 9. Nfxd4 Nxd4 10. Nxd4 a6 11. Re1 Qc7 12. Bf1 Be7 13. Qf3 O-O 14. Bf4 Bd6 15. Bxd6 Qxd6 16. Rad1 Qc7 17. c4 Bd7 18. h3 Rfd8 19. Qe3 Rac8 20. a3 Bc6 21. Nxc6 Qxc6 22. b4 Qc7 23. g3 a5 24. Qe5 Qxe5 25. Rxd8+ Rxd8 26. Rxe5 axb4 27. axb4 b6 28. Re1 Ra8 29. Bg2 Rc8 30. Ra1 Kf8 31. Bf1 Ne4 32. Ra6 Nd2 33. Rxb6 1/2-1/2

[Event "2BLW 2223 SC Siegburg - SV Koblenz"]
[Site "?"]
[Date "2022.10.23"]
[Round "2.5"]
[White "Doncevic, Dario"]
[Black "Zavgorodniy, Sergiy"]
[Result "0-1"]
[WhiteElo "2222"]
[BlackElo "2410"]
[PlyCount "46"]
[EventDate "2022.??.??"]

1. e4 e5 2. Nf3 d6 3. d4 exd4 4. Nxd4 Nf6 5. Nc3 Be7 6. Be2 O-O 7. O-O Re8 8. f4 c5 9. Nf5 Bxf5 10. exf5 Nc6 11. Bf3 Nd4 12. g4 d5 13. g5 Ne4 14. Nxe4 dxe4 15. Bg4 Bxg5 16. fxg5 e3 17. f6 e2 18. Bxe2 Rxe2 19. Bf4 Qd5 20. Rf2 Rae8 21. c3 Nf3+ 22. Kf1 Re1+ 23. Qxe1 Nxe1 0-1

[Event "2BLW 2223 SC Siegburg - SV Koblenz"]
[Site "?"]
[Date "2022.10.23"]
[Round "2.1"]
[White "Feller, Sebastien"]
[Black "Kovchan, Alexander"]
[Result "1/2-1/2"]
[WhiteElo "2542"]
[BlackElo "2478"]
[PlyCount "63"]
[EventDate "2022.??.??"]

1. d4 Nf6 2. c4 g6 3. g3 c6 4. Bg2 d5 5. Nf3 Bg7 6. O-O O-O 7. Nc3 dxc4 8. e4 b5 9. Qe2 a5 10. Rd1 Nfd7 11. e5 Nb6 12. a4 b4 13. Ne4 Be6 14. h4 Bd5 15. h5 N8d7 16. Neg5 h6 17. Ne4 Bxe4 18. Qxe4 Nc5 19. Qh4 e6 20. Qh3 Nb3 21. hxg6 Nxc1 22. Raxc1 Nxa4 23. gxf7+ Rxf7 24. Qxe6 Nxb2 25. Nh4 Nxd1 26. Rxd1 c3 27. Be4 a4 28. Qg6 Kf8 29. Qh7 Qd7 30. d5 c2 31. Bxc2 cxd5 32. Ng6+ 1/2-1/2

[Event "2BLW 2223 SC Siegburg - SV Koblenz"]
[Site "?"]
[Date "2022.10.23"]
[Round "2.3"]
[White "Fritsche, Lutz"]
[Black "Hoffmann, Michael"]
[Result "1/2-1/2"]
[WhiteElo "2306"]
[BlackElo "2408"]
[PlyCount "67"]
[EventDate "2022.??.??"]

1. e4 c5 2. Nc3 e6 3. g3 d5 4. Bg2 dxe4 5. Nxe4 Nh6 6. h4 Nf5 7. h5 h6 8. d3 Nc6 9. Nf3 Nfd4 10. Be3 Bd7 11. c3 Nxf3+ 12. Qxf3 Ne5 13. Qe2 Bb5 14. c4 Nxd3+ 15. Kf1 Bxc4 16. Kg1 Ne5 17. Qc2 Qd3 18. Qa4+ Bb5 19. Qa5 b6 20. Qe1 Qe2 21. Nf6+ gxf6 22. Qxe2 Bxe2 23. Bxa8 Bg7 24. f4 Ng4 25. Re1 Bd3 26. Rd1 Bb5 27. Bc1 f5 28. Kg2 Bd4 29. Bf3 Rg8 30. Rhe1 Bf2 31. Rh1 Bd4 32. Rhe1 Bf2 33. Rh1 Bd4 34. Rhe1 1/2-1/2

[Event "2BLW 2223 SC Siegburg - SV Koblenz"]
[Site "?"]
[Date "2022.10.23"]
[Round "2.8"]
[White "Kolkin, Michail"]
[Black "Bohn, Ulrich"]
[Result "1-0"]
[WhiteElo "2307"]
[BlackElo "2167"]
[PlyCount "59"]
[EventDate "2022.??.??"]

1. Nf3 g6 2. e4 Bg7 3. d4 d6 4. Nc3 a6 5. a4 Nf6 6. Be2 O-O 7. O-O Nc6 8. h3 e5 9. Be3 exd4 10. Nxd4 Re8 11. Nxc6 bxc6 12. Bf3 Nd7 13. Qd2 Rb8 14. Rab1 Ne5 15. Be2 Rb4 16. Bg5 Qd7 17. b3 f5 18. exf5 Qxf5 19. Rbe1 Rb8 20. Bh6 Bxh6 21. Qxh6 Bb7 22. Qd2 c5 23. f4 Nd7 24. Bc4+ Kg7 25. Nd5 Nb6 26. Qc3+ Kh6 27. Ne3 Rxe3 28. Rxe3 d5 29. Re7 Qf8 30. Qe5 1-0

[Event "2BLW 2223 SC Siegburg - SV Koblenz"]
[Site "?"]
[Date "2022.10.23"]
[Round "2.4"]
[White "Omelja, Artem"]
[Black "Hammes, Michael"]
[Result "1-0"]
[WhiteElo "2441"]
[BlackElo "2336"]
[PlyCount "87"]
[EventDate "2022.??.??"]

1. d4 Nf6 2. c4 e6 3. Nf3 d5 4. Nc3 dxc4 5. e3 a6 6. a4 c5 7. Bxc4 Nc6 8. O-O Be7 9. dxc5 Bxc5 10. Qe2 O-O 11. e4 Nd7 12. e5 Nd4 13. Nxd4 Bxd4 14. Bf4 Qc7 15. Rad1 Bxc3 16. bxc3 Nc5 17. Rd4 b5 18. axb5 axb5 19. Bxb5 Ra5 20. c4 Bb7 21. h3 Rfa8 22. Rfd1 Ra1 23. Kh2 Rxd1 24. Qxd1 h6 25. Bg3 Be4 26. Qe2 Qb7 27. f3 Bf5 28. Bf2 Rc8 29. Rd6 Qa8 30. Qd1 Kh7 31. Bxc5 Rxc5 32. Qd4 Rc8 33. Rd7 Bg6 34. c5 Qb8 35. Ba6 Rc6 36. Bb7 Rc7 37. c6 Rxd7 38. cxd7 Qd8 39. f4 h5 40. g3 Kh6 41. Bg2 h4 42. g4 f6 43. Bc6 fxe5 44. Qxe5 1-0

[Event "2BLW 2223 SC Siegburg - SV Koblenz"]
[Site "?"]
[Date "2022.10.23"]
[Round "2.7"]
[White "Polster, Wolfgang"]
[Black "Dzierzenga, Stefan"]
[Result "0-1"]
[WhiteElo "2252"]
[BlackElo "2179"]
[PlyCount "82"]
[EventDate "2022.??.??"]

1. e4 e6 2. d3 d5 3. Nd2 g6 4. g3 Bg7 5. Bg2 Ne7 6. Ngf3 O-O 7. O-O c5 8. Re1 Nbc6 9. c3 h6 10. Qe2 b6 11. Nf1 Ba6 12. e5 b5 13. h4 b4 14. Bf4 bxc3 15. bxc3 Rb8 16. Qd2 Kh7 17. N1h2 Rb6 18. Ng4 Ng8 19. Rac1 Qe7 20. Bf1 Rc8 21. Be2 Nb8 22. Kg2 Qb7 23. Rh1 Rb2 24. Rc2 Rxc2 25. Qxc2 d4 26. Rb1 Qd7 27. Nf6+ Bxf6 28. exf6 Nc6 29. Qa4 Bb7 30. Qb5 Ba8 31. c4 e5 32. Bd2 Rb8 33. Qxb8 Nxb8 34. Rxb8 Bb7 35. Kf1 Nxf6 36. Ba5 Bxf3 37. Bxf3 Qf5 38. Ke2 e4 39. dxe4 Nxe4 40. Re8 Nd6 41. Re7 d3+ 0-1

[Event "2BLW 2223 SG Solingen II - SC Heimbach-"]
[Site "?"]
[Date "2022.10.23"]
[Round "2.1"]
[White "Livaic, Leon"]
[Black "Roseneck, Jonas"]
[Result "1-0"]
[WhiteElo "2574"]
[BlackElo "2414"]
[PlyCount "149"]
[EventDate "2022.??.??"]

1. e4 e5 2. Nf3 Nc6 3. Bb5 a6 4. Ba4 Nf6 5. d3 Bc5 6. Nc3 O-O 7. O-O Nd4 8. Be3 Re8 9. h3 c6 10. Bxd4 Bxd4 11. Nxd4 exd4 12. Ne2 d5 13. exd5 Nxd5 14. Re1 Qg5 15. Ng3 Rxe1+ 16. Qxe1 Bd7 17. Bb3 h5 18. Qd1 Nf4 19. Qf3 Bxh3 20. gxh3 h4 21. Rf1 Rf8 22. Kh2 hxg3+ 23. fxg3 Nd5 24. h4 Qe5 25. Bxd5 cxd5 26. Rf2 Qd6 27. a4 Qd7 28. b3 Rc8 29. Qf4 Rc5 30. Qxd4 Qc7 31. c4 dxc4 32. dxc4 b5 33. cxb5 axb5 34. Qf4 Qxf4 35. Rxf4 Rc3 36. Rb4 bxa4 37. bxa4 Ra3 38. g4 Kh7 39. Kg2 Kh6 40. Kf2 g6 41. g5+ Kg7 42. Ke2 f6 43. Kd2 Kf7 44. gxf6 Kxf6 45. Kc2 Ke5 46. Kb2 Rf3 47. a5 Rf7 48. Kb3 Kd5 49. Rg4 Rf6 50. Ra4 Ra6 51. Kb4 Kc6 52. Ra1 Kb7 53. Kb5 Rf6 54. Rc1 Rf4 55. a6+ Ka7 56. Rc7+ Kb8 57. Rh7 Rf6 58. a7+ Ka8 59. Kc4 g5 60. Rh8+ Kxa7 61. hxg5 Rg6 62. Rh5 Kb7 63. Kd5 Kc7 64. Ke5 Kd7 65. Kf5 Ra6 66. Rh6 Ra1 67. Kf6 Rf1+ 68. Kg7 Ke7 69. Rf6 Rg1 70. g6 Rg2 71. Rf1 Ke6 72. Kh7 Rh2+ 73. Kg8 Rg2 74. g7 Ra2 75. Rh1 1-0

[Event "2BLW 2223 SG Solingen II - SC Heimbach-"]
[Site "?"]
[Date "2022.10.23"]
[Round "2.2"]
[White "Wegerle, Joerg"]
[Black "Kraus, Tomas"]
[Result "1-0"]
[WhiteElo "2411"]
[BlackElo "2479"]
[PlyCount "115"]
[EventDate "2022.??.??"]

1. d4 d5 2. Nf3 Nf6 3. c4 e6 4. Nc3 c5 5. e3 Nc6 6. a3 a6 7. dxc5 Bxc5 8. b4 Bd6 9. Bb2 O-O 10. Qc2 dxc4 11. Bxc4 b5 12. Bd3 Bb7 13. Rd1 Rc8 14. Qb1 h6 15. O-O Qe7 16. Ne2 Rfd8 17. Ng3 a5 18. Bxf6 Qxf6 19. Ne4 Qe7 20. Nxd6 Rxd6 21. Bxb5 axb4 22. Rxd6 Qxd6 23. Bxc6 Bxc6 24. Qxb4 Qxb4 25. axb4 Be4 26. Ne5 f6 27. f3 Bh7 28. Nd7 Rc4 29. b5 Rc7 30. Rd1 Kf7 31. b6 Rb7 32. Ra1 Rxd7 33. Ra7 Ke8 34. b7 Rd1+ 35. Kf2 Rd2+ 36. Ke1 Rb2 37. Ra8+ Kf7 38. b8=Q Rxb8 39. Rxb8 Bd3 40. Rb3 Bc4 41. Rc3 Ba2 42. Kd2 e5 43. Rc7+ Kg6 44. Kc3 Kh7 45. Kb4 Kg8 46. Kc5 Kf8 47. Kd6 Bb3 48. Rc3 Ba2 49. g3 g5 50. Rc8+ Kf7 51. Rc7+ Kf8 52. Rh7 Bc4 53. g4 Kg8 54. Rxh6 Kg7 55. Rh3 Be2 56. Rg3 Kg6 57. e4 Bd1 58. Kc5 1-0

[Event "2BLW 2223 SG Solingen II - SC Heimbach-"]
[Site "?"]
[Date "2022.10.23"]
[Round "2.3"]
[White "Tica, Sven"]
[Black "Halvax, Georg"]
[Result "1/2-1/2"]
[WhiteElo "2422"]
[BlackElo "2432"]
[PlyCount "44"]
[EventDate "2022.??.??"]

1. d4 d5 2. c4 e6 3. Nf3 Nf6 4. g3 Be7 5. Bg2 O-O 6. Nc3 dxc4 7. Ne5 Nc6 8. Bxc6 bxc6 9. Nxc6 Qe8 10. Nxe7+ Qxe7 11. Qa4 c5 12. dxc5 Qxc5 13. Be3 Qc7 14. O-O-O Bb7 15. f3 Nd5 16. Bd4 a5 17. Nxd5 exd5 18. h4 Rfe8 19. e3 Qd6 20. h5 Bc6 21. Qc2 a4 22. a3 Rab8 1/2-1/2

[Event "2BLW 2223 SG Solingen II - SC Heimbach-"]
[Site "?"]
[Date "2022.10.23"]
[Round "2.4"]
[White "Gaponenko, Inna"]
[Black "Winterberg, Lukas"]
[Result "1/2-1/2"]
[WhiteElo "2348"]
[BlackElo "2394"]
[PlyCount "51"]
[EventDate "2022.??.??"]

1. e4 e6 2. d4 d5 3. exd5 exd5 4. Nf3 Nf6 5. Bd3 c5 6. O-O c4 7. Re1+ Be7 8. Bf1 O-O 9. b3 cxb3 10. axb3 Nc6 11. Ne5 Nxe5 12. dxe5 Ne4 13. Be3 Bf5 14. Ra4 Nc5 15. Rd4 Qc7 16. Nc3 Be6 17. Nxd5 Bxd5 18. Rxd5 Rad8 19. f4 Ne4 20. Rxd8 Rxd8 21. Qf3 Nd2 22. Bxd2 Rxd2 23. Bd3 g6 24. f5 Qc5+ 25. Kh1 Qf2 26. Qxf2 1/2-1/2

[Event "2BLW 2223 SG Solingen II - SC Heimbach-"]
[Site "?"]
[Date "2022.10.23"]
[Round "2.5"]
[White "Krejci, Jan"]
[Black "Schlecht, Daniel"]
[Result "1/2-1/2"]
[WhiteElo "2514"]
[BlackElo "2373"]
[PlyCount "82"]
[EventDate "2022.??.??"]

1. c4 c6 2. Nf3 d5 3. e3 Nf6 4. Nc3 e6 5. b3 Bd6 6. Bb2 O-O 7. d4 b6 8. Be2 Bb7 9. O-O Nbd7 10. Qc2 Qe7 11. Rad1 Rad8 12. Rfe1 Rfe8 13. g3 Ba3 14. Bxa3 Qxa3 15. Bf1 Qe7 16. Bg2 c5 17. Nh4 Nf8 18. cxd5 Nxd5 19. Nxd5 Bxd5 20. dxc5 Bxg2 21. Nxg2 bxc5 22. Nf4 Rc8 23. Qe4 Qc7 24. Rc1 Nd7 25. Nd3 Qb6 26. Red1 Rc7 27. Rc2 Rec8 28. Nb2 Nf6 29. Qf3 Nd5 30. Nc4 Qb8 31. Rcd2 Rf8 32. e4 Nb4 33. Ne5 Qc8 34. Qf4 Nc6 35. Nxc6 Rxc6 36. Rd7 a5 37. Qg5 h6 38. Qe7 Qe8 39. Qh4 Qb8 40. Qe7 Rcc8 41. Rc1 Qe5 1/2-1/2

[Event "2BLW 2223 SG Solingen II - SC Heimbach-"]
[Site "?"]
[Date "2022.10.23"]
[Round "2.7"]
[White "Ronge, Tim"]
[Black "Berg, Michael"]
[Result "1-0"]
[WhiteElo "2262"]
[BlackElo "2313"]
[PlyCount "79"]
[EventDate "2022.??.??"]

1. e4 c6 2. d4 d5 3. e5 Bf5 4. h4 h5 5. Bd3 Bxd3 6. Qxd3 e6 7. Nf3 Qa5+ 8. Nbd2 Qa6 9. c4 Bb4 10. b3 Nd7 11. O-O Ne7 12. Bb2 Nf5 13. Rfc1 Nb6 14. Nf1 Be7 15. g3 Rd8 16. a4 dxc4 17. bxc4 c5 18. a5 Nc8 19. Qe4 cxd4 20. Bxd4 O-O 21. Be3 Rd7 22. g4 hxg4 23. Qxg4 Qc6 24. h5 Kh8 25. Kh2 Bc5 26. Ra2 Nce7 27. Bg5 Nd4 28. Rc3 Nef5 29. h6 Nxf3+ 30. Rxf3 g6 31. Bf6+ Kh7 32. Nd2 Rd4 33. Rf4 Nxh6 34. Rxd4 Nxg4+ 35. Rxg4 g5 36. Ne4 Bd4 37. Nxg5+ Kh6 38. Ra3 Bxe5+ 39. Bxe5 f5 40. Nf7+ 1-0

[Event "2BLW 2223 SG Solingen II - SC Heimbach-"]
[Site "?"]
[Date "2022.10.23"]
[Round "2.8"]
[White "Asadzade, Idris"]
[Black "Bukal, Vladimir Jr."]
[Result "0-1"]
[WhiteElo "2205"]
[BlackElo "2411"]
[PlyCount "84"]
[EventDate "2022.??.??"]

1. c4 e6 2. Nf3 a6 3. g3 d5 4. Bg2 dxc4 5. O-O Nf6 6. a4 Nc6 7. Na3 Bxa3 8. Rxa3 e5 9. b3 cxb3 10. Rxb3 O-O 11. Bb2 Re8 12. Qc2 Nd5 13. Ng5 Qxg5 14. Bxd5 Bh3 15. Rxb7 Bxf1 16. Qxc6 Bxe2 17. Qxc7 Kh8 18. Qxf7 Bh5 19. Qc7 Rac8 20. Qd7 Rcd8 21. Qc6 Qxd2 22. Be4 Qe1+ 23. Kg2 Be2 24. g4 Rf8 25. Bf5 Bxg4 26. Bc3 Qe2 27. Rb2 Qf3+ 28. Qxf3 Bxf3+ 29. Kxf3 Rd3+ 30. Ke4 Rxc3 31. Be6 Ra3 32. Bd7 Raf3 33. h3 Rxf2 34. Rb6 R2f6 35. Rb7 Rd8 36. Kxe5 Rf7 37. Ke6 Kg8 38. a5 Kf8 39. Kd6 h5 40. Ke6 Re7+ 41. Kd6 g5 42. Kc6 Rexd7 0-1

[Event "2BLW 2223 SG Solingen II - SC Heimbach-"]
[Site "?"]
[Date "2022.10.23"]
[Round "2.6"]
[White "Schaefer, Markus"]
[Black "Polak, Tomas"]
[Result "0-1"]
[WhiteElo "2358"]
[BlackElo "2502"]
[PlyCount "110"]
[EventDate "2022.??.??"]

1. e4 c6 2. d4 d5 3. Nc3 dxe4 4. Nxe4 Bf5 5. Ng3 Bg6 6. Bc4 e6 7. N1e2 Bd6 8. Nf4 Nf6 9. Bb3 a5 10. a4 Nd5 11. Nxg6 hxg6 12. Qf3 Qf6 13. Qxf6 gxf6 14. Ne4 Be7 15. f4 Nd7 16. Bd2 f5 17. Nf2 N7f6 18. c4 Nb4 19. Ke2 c5 20. Bc3 cxd4 21. Bxd4 Nc6 22. Bc3 O-O-O 23. Rad1 Rxd1 24. Bxd1 Rd8 25. g3 Nd7 26. Nd3 Bf6 27. Bxf6 Nxf6 28. Ke3 Nb4 29. Nxb4 axb4 30. Bf3 Nd7 31. c5 Nxc5 32. Rc1 b6 33. a5 Kc7 34. Be2 Kb7 35. axb6 Kxb6 36. Rc4 b3 37. Rb4+ Kc7 38. Rc4 Kb6 39. Rb4+ Kc7 40. Rc4 Kc6 41. Rc3 Kb6 42. Rc4 Rh8 43. Rb4+ Kc7 44. h4 Ne4 45. Rxb3 Nxg3 46. Bf3 Rxh4 47. Rb7+ Kd6 48. Kf2 Nh5 49. Bxh5 gxh5 50. Kf3 f6 51. Rf7 Rh3+ 52. Kg2 Rb3 53. Rxf6 Rxb2+ 54. Kg3 h4+ 55. Kxh4 Rg2 0-1

[Event "2BLW 2223 SF Neuberg - SV Oberursel"]
[Site "?"]
[Date "2022.10.23"]
[Round "2.1"]
[White "Heinz, Axel"]
[Black "Lubbe, Nikolas"]
[Result "0-1"]
[WhiteElo "2437"]
[BlackElo "2482"]
[PlyCount "94"]
[EventDate "2022.??.??"]

1. e4 c5 2. Nf3 e6 3. d4 cxd4 4. Nxd4 Nf6 5. Nc3 Nc6 6. Nxc6 bxc6 7. e5 Nd5 8. Ne4 Qc7 9. f4 Qb6 10. c4 Bb4+ 11. Ke2 f5 12. Nf2 Ba6 13. Kf3 Ne7 14. Be3 Bc5 15. Bxc5 Qxc5 16. Qd6 Qb6 17. b3 c5 18. Rd1 Bb7+ 19. Ke3 Kf7 20. Be2 Rhd8 21. h4 Nc8 22. Qxb6 axb6 23. Rd2 Bxg2 24. Rhd1 Ra7 25. Nd3 Be4 26. Ne1 d5 27. exd6 Rad7 28. Nf3 Bxf3 29. Bxf3 Rxd6 30. Rxd6 Nxd6 31. a4 Ke7 32. Ra1 Rb8 33. Ra2 g6 34. h5 Nf7 35. Rg2 Kf6 36. Rd2 g5 37. Rd7 gxf4+ 38. Kxf4 Rd8 39. Rb7 Rd6 40. Ke3 Ng5 41. Bg2 Ke5 42. Rg7 f4+ 43. Ke2 Kf5 44. Bb7 e5 45. Bd5 e4 46. Rg8 Rh6 47. Rb8 Ke5 0-1

[Event "2BLW 2223 SF Neuberg - SV Oberursel"]
[Site "?"]
[Date "2022.10.23"]
[Round "2.3"]
[White "Margolin, Boris"]
[Black "Lubbe, Melanie"]
[Result "1/2-1/2"]
[WhiteElo "2388"]
[BlackElo "2320"]
[PlyCount "85"]
[EventDate "2022.??.??"]

1. d4 Nf6 2. Nf3 g6 3. g3 Bg7 4. Bg2 O-O 5. O-O d6 6. a4 a5 7. Nc3 Nc6 8. e4 Bg4 9. h3 Bxf3 10. Bxf3 Nd7 11. d5 Nb4 12. Ne2 c6 13. c3 Ne5 14. Nd4 Nxf3+ 15. Nxf3 Na6 16. Be3 cxd5 17. Qxd5 Qc8 18. Kg2 Qc6 19. Rfd1 Nc7 20. Qxc6 bxc6 21. Nd4 Ra6 22. Ra3 e5 23. Nc2 d5 24. Bc5 Rc8 25. Rb3 Ne6 26. Be3 d4 27. cxd4 exd4 28. Nxd4 Nc5 29. Rc3 Nxa4 30. Rc2 c5 31. b3 Raa8 32. Nb5 Nb2 33. Rd7 c4 34. Nd6 Rcb8 35. Nxc4 Rxb3 36. Nxa5 Rd3 37. Rb7 Nd1 38. Bb6 Bd4 39. Bxd4 Rxd4 40. Nb3 Rxe4 41. Rd7 Rb4 42. Nd4 Rb2 43. Rxb2 1/2-1/2

[Event "2BLW 2223 SF Neuberg - SV Oberursel"]
[Site "?"]
[Date "2022.10.23"]
[Round "2.4"]
[White "Kuenstler, Christian"]
[Black "Dubiel, Jacek"]
[Result "1/2-1/2"]
[WhiteElo "2264"]
[BlackElo "2381"]
[PlyCount "32"]
[EventDate "2022.??.??"]

1. e4 e5 2. Nf3 Nc6 3. Bb5 a6 4. Ba4 Nf6 5. d4 exd4 6. O-O Be7 7. e5 Ne4 8. Nxd4 Nxd4 9. Qxd4 Nc5 10. Nc3 O-O 11. Nd5 d6 12. Nxe7+ Qxe7 13. exd6 Qxd6 14. Qxd6 cxd6 15. Bb3 Nxb3 16. axb3 Bf5 1/2-1/2

[Event "2BLW 2223 SF Neuberg - SV Oberursel"]
[Site "?"]
[Date "2022.10.23"]
[Round "2.5"]
[White "Akbarinia, Sayed Arash"]
[Black "Wahedi, Ahmad Siar"]
[Result "1-0"]
[WhiteElo "2383"]
[BlackElo "2267"]
[PlyCount "91"]
[EventDate "2022.??.??"]

1. c4 c6 2. Nf3 d5 3. g3 Nf6 4. Bg2 Bf5 5. Qb3 Qb6 6. d3 dxc4 7. Qxc4 e6 8. O-O Nbd7 9. a3 Be7 10. b4 O-O 11. Be3 Qd8 12. Nd4 Bg4 13. h3 Bh5 14. g4 Ne5 15. Qc1 Nexg4 16. hxg4 Nxg4 17. Nf3 f5 18. Bg5 e5 19. Nc3 h6 20. Bxe7 Qxe7 21. Nh2 Nxh2 22. Kxh2 f4 23. Rh1 f3 24. exf3 Bxf3 25. Qe3 Qh4+ 26. Kg1 Qg4 27. Rh2 a5 28. Rb1 Rf4 29. Kf1 axb4 30. axb4 Ra3 31. Qxe5 Rf5 32. Qe6+ Rf7 33. Qxg4 Bxg4 34. Rc1 Rf6 35. Be4 b5 36. Ne2 Rb3 37. Nd4 Rxb4 38. Nxc6 Rb2 39. Ne7+ Kf7 40. Nd5 Rd6 41. Kg1 Be6 42. Ne3 Rb6 43. Rc7+ Kf6 44. Rg2 Rb1+ 45. Kh2 g5 46. Rh7 1-0